1689 1027 1166 1879 1885 1058 1679 1159 1950 1943 1789 1757 1659 1749 1063 1830 1221 1105 1902 1108 1322 1166 1696 1651 1466 1884 1727 1695 1368 1491 1867 1183 1178 1475 1273 1866 1749 1597 1356 1089 1841 1077 1615 1955 1215 1415 1767 1169 1888 1024 1227 1757 1922 1421 1601 1100 1483 1009 1950 1081 1410 1246 1094 1121 1060 1143 1036 1264 1252 1236 1194 1295 1515 1776 1268 1629 1353 1855 1292 1429 1121 1640 1472 1116 1588 1578 1689 1461 1177 1668 1094 1123 1173 1895 1954 1817 1896 1233 1360 BCNSPRNW ULIB Ver.6.0+V

เปลี่ยนเป็นภาษาไทย

Change to English
 แสดงรายละเอียดบรรณานุกรม
  กลับหน้าหลัก

Brief Record : Get Marc (ISO 2709) : E-mail record : QR code < ปิดหน้าต่าง
LEADER : 00000nam a2200000 a 4500
001    13399113718
003     ULIB
008    080715s2553 th a 000 0 tha d
020    ^a9786165082167
050  4 ^aBF1708.8.T5^bพ111ห 2553
100 0  ^aพ. สุวรรณ
245 10 ^aมงคลชีวิตประจำวันเกิด /^cโดย พ. สุวรรณ
250    ^aพิมพ์ครั้งที่ 1
260    ^aกรุงเทพฯ :^bแสงดาว,^c2553
300    ^a375 หน้า :^bภาพประกอบ ;^c21 ซม.
650  4 ^aพยากรณ์
650  4 ^aโหราศาสตร์
945    ^p210^l0^i030849
995    ^aเกษร
999 ^a ใช้งานได้ทุกระบบ
รายการนี้ยังไม่มีแท็ก
คุณยังไม่ได้ล็อกอิน คุณสามารถมีกิจกรรมร่วมกับเว็บไซต์ได้ แต่ต้องล็อกอินก่อน ::
  ล็อกอิน

รายการสื่อสารสนเทศ

ลำดับที่ ประเภท เลขเรียก/บาร์โค้ด สถานที่ สถานะ
- ไม่พบข้อมูล -

รายการใกล้เคียง
    ผู้แต่ง [พ. สุวรรณ]

    หัวเรื่อง [พยากรณ์]
    หัวเรื่อง [โหราศาสตร์]

BibComment


ยังไม่เคยถูกคอมเมนท์

คอมเมนท์ทรัพยากรรายการนี้
  คอมเมนท์: มงคลชีวิตประจำวั..


 Copyright 2026. Bcnsprnw @Library